Can you name the 30 closest cities to Luxembourg? - Statistics

General Stats
  • This quiz has been taken 31 times
  • The average score is 17 of 30
Answer Stats
km City Country % Correct
159 Köln - Cologne Germany
93%
187 Bréissel - Brussels Belgium
90%
164 Stroossbuerg - Strasbourg France
86%
185 Düsseldorf Germany
83%
76 Saarbrécken - Saarbrücken Germany
83%
143 Bonn Germany
79%
130 Oochen - Aachen Germany
79%
121 Léck - Liège Belgium
76%
102 Nanzeg - Nancy France
72%
169 Mannheim Germany
69%
55 Metz France
69%
40 Tréier - Trier Germany
69%
141 Maastricht Netherlands
66%
160 Mainz Germany
62%
150 Charleroi Belgium
59%
178 Karlsruhe Germany
59%
133 Koblenz Germany
59%
131 Namouer - Namur Belgium
48%
187 Heidelberg Germany
45%
169 Leverkusen Germany
45%
157 Reims France
45%
161 Wiesbaden Germany
45%
177 Mönchengladbach Germany
41%
164 Ludwigshafen am Rhein Germany
38%
183 Darmstadt Germany
31%
174 Louvain - Leuven Belgium
24%
181 Neuss Germany
24%
169 Bergisch Gladbach Germany
17%
186 Solingen Germany
17%
190 Remscheid Germany
14%
No matching quizzes found
Score Distribution
Percent of People with Each Score
Percentile by Number Answered
Your Score History
You have not taken this quiz